[Event "16. Sparkassen Open 2017 - Gruppe B"]
[Site "Forchheim"]
[Date "2017.09.30"]
[Round "3.26"]
[White "Schlötterer, Hermann"]
[Black "Kiesendahl, Roland"]
[Result "1/2-1/2"]
[WhiteElo "1860"]
[BlackElo "1540"]
[PlyCount "97"]
[EventDate "2017.??.??"]
[WhiteTeam "Zabo-Eintracht Nürnberg"]
[BlackTeam "SC Erlangen"]

1. d4 d5 2. g3 Nf6 3. Bg2 Bf5 4. Nf3 h6 5. c4 c6 6. Nc3 e6 7. O-O Be7 8. Nd2
O-O 9. e4 dxe4 10. Ndxe4 Nbd7 11. Bf4 Nxe4 12. Nxe4 Nf6 13. Nc3 Qb6 14. Na4 Qd8
15. Qb3 Qd7 16. Rad1 b6 17. Rfe1 Rac8 18. Nc3 Rfd8 19. h3 Bd6 20. Be5 Qe7 21.
g4 Bg6 22. f4 Nd7 23. f5 Nxe5 24. fxg6 Nxg6 25. d5 Nf4 26. dxe6 Nxe6 27. Qc2
Qc7 28. Ne4 Be7 29. a3 Nf4 30. Bf1 Bh4 31. Rxd8+ Rxd8 32. Rd1 Rxd1 33. Qxd1 Qe5
34. Qc2 Qd4+ 35. Kh2 Qe3 36. b4 c5 37. bxc5 bxc5 38. Qb1 Ne2 39. Bg2 Qf4+ 40.
Kh1 Ng3+ 41. Nxg3 Bxg3 42. Qd3 Qd6 43. Bd5 Qf4 44. Bf3 Qd4 45. Qe2 Kf8 46. Kg2
Be5 47. Qc2 Qf4 48. Qe4 Qxe4 49. Bxe4 1/2-1/2

[Event "16. Sparkassen Open 2017 - Gruppe B"]
[Site "Forchheim"]
[Date "2017.09.30"]
[Round "3.27"]
[White "Bauschke, Norman"]
[Black "Baumgärtner, Frank"]
[Result "0-1"]
[WhiteElo "1632"]
[BlackElo "1802"]
[PlyCount "76"]
[EventDate "2017.??.??"]
[WhiteTeam "SC Höchstadt/Aisch"]
[BlackTeam "Kronacher SK"]

1. d4 Nf6 2. c4 g6 3. Nc3 Bg7 4. e4 d6 5. Bd3 Nc6 6. Nge2 O-O 7. a3 e5 8. d5
Ne7 9. O-O Nd7 10. b4 f5 11. exf5 gxf5 12. f3 Nf6 13. Qc2 Bd7 14. Ng3 Qc8 15.
Bd2 Kh8 16. Rfe1 Rf7 17. Rac1 f4 18. Nce4 Nxe4 19. Nxe4 Bh6 20. Qb3 Qf8 21. c5
Nf5 22. c6 bxc6 23. dxc6 Nd4 24. Qa4 Be6 25. Bc4 Bxc4 26. Rxc4 d5 27. Rxd4 exd4
28. Nf2 Re7 29. Rxe7 Qxe7 30. b5 Bg7 31. Qd1 Re8 32. Kf1 Qc5 33. a4 Qc4+ 34.
Kg1 d3 35. Ba5 Bd4 36. Bxc7 Qc2 37. Qf1 Qxf2+ 38. Qxf2 Re1# 0-1

[Event "16. Sparkassen Open 2017 - Gruppe B"]
[Site "Forchheim"]
[Date "2017.09.30"]
[Round "3.28"]
[White "Rierl, Klaus"]
[Black "Hahn, Thomas"]
[Result "1/2-1/2"]
[WhiteElo "1734"]
[BlackElo "1695"]
[PlyCount "69"]
[EventDate "2017.??.??"]
[WhiteTeam "SG Sonneberg"]
[BlackTeam "Zabo-Eintracht Nürnberg"]

1. Nf3 f5 2. d4 g6 3. b3 Bg7 4. Bb2 Nf6 5. e3 O-O 6. Be2 d6 7. c4 c6 8. O-O Bd7
9. Qc2 Na6 10. a3 Qc7 11. Nbd2 Rae8 12. Rac1 e5 13. dxe5 dxe5 14. c5 e4 15. Nd4
Kh8 16. b4 Qc8 17. Nc4 Nc7 18. Nd6 Re7 19. Nb3 Nce8 20. Nxe8 Bxe8 21. Nd2 Bf7
22. Bc4 h5 23. Bxf7 Rexf7 24. Nc4 Ng4 25. Bxg7+ Kxg7 26. Qc3+ Kh7 27. Nd6 Re7
28. h3 Nf6 29. Qb3 Ne8 30. Nxe8 Rexe8 31. Rcd1 Rd8 32. Rxd8 Rxd8 33. Rd1 Rd7
34. Rxd7+ Qxd7 35. Qc2 1/2-1/2

[Event "16. Sparkassen Open 2017 - Gruppe B"]
[Site "Forchheim"]
[Date "2017.09.30"]
[Round "3.29"]
[White "Walter, Manfred"]
[Black "Dann, Dirk"]
[Result "0-1"]
[WhiteElo "1809"]
[BlackElo "1829"]
[PlyCount "64"]
[EventDate "2017.??.??"]
[WhiteTeam "SV Lauf"]
[BlackTeam "Schleswiger SV"]

1. f4 d5 2. Nf3 Nf6 3. e3 Bg4 4. h3 Bxf3 5. Qxf3 e6 6. g4 Nc6 7. Bb5 Bc5 8. d3
Qd6 9. e4 dxe4 10. dxe4 O-O-O 11. Bxc6 Qxc6 12. Nc3 Bd4 13. Bd2 Bxc3 14. Bxc3
Nxe4 15. Bxg7 Rhg8 16. Bc3 Qc4 17. Rf1 f5 18. g5 Rd5 19. Qe3 Kb8 20. Rf3 Rgd8
21. h4 Nxc3 22. Qxc3 Qe4+ 23. Kf1 Rd2 24. Re1 Qd5 25. h5 Rxc2 26. Qxc2 Qxf3+
27. Qf2 Qh1+ 28. Qg1 Qxh5 29. Rxe6 Qf3+ 30. Qf2 Qh1+ 31. Ke2 Qd1+ 32. Ke3 Qd3#
0-1

[Event "16. Sparkassen Open 2017 - Gruppe B"]
[Site "Forchheim"]
[Date "2017.09.30"]
[Round "3.30"]
[White "Fett, Helmut"]
[Black "Bardorz, Christoph"]
[Result "1/2-1/2"]
[WhiteElo "1850"]
[BlackElo "1841"]
[PlyCount "39"]
[EventDate "2017.??.??"]
[WhiteTeam "SG Siemens Erlangen"]
[BlackTeam "TSV Rottendorf"]

1. c4 e5 2. g3 Nc6 3. Bg2 g6 4. Nc3 Bg7 5. d3 d6 6. e4 f5 7. Nge2 Nf6 8. O-O
O-O 9. exf5 Bxf5 10. Nd5 h6 11. Ne3 Be6 12. f4 Qd7 13. d4 exd4 14. Nxd4 Nxd4
15. Qxd4 Ng4 16. Qd3 Nxe3 17. Bxe3 Qf7 18. Bd5 Bxd5 19. cxd5 Qf5 20. Qc4
1/2-1/2

[Event "16. Sparkassen Open 2017 - Gruppe B"]
[Site "Forchheim"]
[Date "2017.09.30"]
[Round "3.31"]
[White "Gottlieb, Michael"]
[Black "Cordts, Elof"]
[Result "0-1"]
[WhiteElo "1768"]
[BlackElo "1664"]
[PlyCount "47"]
[EventDate "2017.??.??"]
[WhiteTeam "SC Postbauer-Heng"]
[BlackTeam "SC Erlangen"]

1. e4 c5 2. c3 d5 3. exd5 Nf6 4. c4 e6 5. dxe6 Qe7 6. Be2 Bxe6 7. d3 Nc6 8. Nf3
Qc7 9. Nc3 a6 10. h3 O-O-O 11. Bd2 h6 12. a3 Be7 13. Rb1 g5 14. Ne4 g4 15. hxg4
Bxg4 16. Nxf6 Bxf6 17. b4 h5 18. b5 axb5 19. cxb5 Ne5 20. Nxe5 Qxe5 21. Be3 Be6
22. Qa4 Bd5 23. Rc1 Rd7 24. Rxc5+ 0-1

[Event "16. Sparkassen Open 2017 - Gruppe B"]
[Site "Forchheim"]
[Date "2017.09.30"]
[Round "3.32"]
[White "Wachtel, Arthur"]
[Black "Meyer, Robert"]
[Result "1-0"]
[WhiteElo "1863"]
[BlackElo "1715"]
[PlyCount "63"]
[EventDate "2017.??.??"]
[WhiteTeam "SK Freising"]
[BlackTeam "SC Stein"]

1. e4 e6 2. d4 d5 3. Nc3 Bb4 4. e5 c5 5. Bd2 cxd4 6. Nb5 Bf8 7. Nxd4 Nc6 8.
Nxc6 bxc6 9. f4 Qb6 10. b3 Bc5 11. Nh3 Be3 12. c3 Ne7 13. Bd3 Nf5 14. Bxf5 exf5
15. Qe2 Bxd2+ 16. Qxd2 h6 17. Qd4 Be6 18. Nf2 O-O 19. Nd3 Qxd4 20. cxd4 Rfc8
21. O-O Kf8 22. Rac1 Ke7 23. Rc3 Rab8 24. Rfc1 Bd7 25. Nc5 Be8 26. Kf2 a5 27.
a3 Rb6 28. h3 h5 29. Rg1 Bd7 30. Kg3 Rh8 31. Kf2 Rhb8 32. Rgc1 1-0

[Event "16. Sparkassen Open 2017 - Gruppe B"]
[Site "Forchheim"]
[Date "2017.09.30"]
[Round "3.33"]
[White "Heppert, Lars"]
[Black "Jacob, Karl-Heinz"]
[Result "1-0"]
[WhiteElo "1904"]
[BlackElo "1703"]
[PlyCount "91"]
[EventDate "2017.??.??"]
[WhiteTeam "SK Neuburg"]
[BlackTeam "SG Sonneberg"]

1. c4 e6 2. g3 f5 3. Bg2 Nf6 4. d3 Be7 5. Nc3 O-O 6. e4 d6 7. exf5 exf5 8. Nge2
c6 9. d4 Be6 10. b3 Bf7 11. O-O d5 12. cxd5 Nxd5 13. Bb2 Nxc3 14. Nxc3 Bf6 15.
Ne2 Na6 16. Qd2 Nc7 17. h4 Bd5 18. Nf4 Bxg2 19. Kxg2 Qd7 20. Rad1 Nd5 21. Nd3
f4 22. Nxf4 Bxh4 23. Nd3 Qf5 24. Ne5 Bg5 25. f4 Bh6 26. Qd3 Qxd3 27. Rxd3 g6
28. Rdf3 Rad8 29. Ba3 Rfe8 30. R1f2 Nf6 31. Bc5 Ne4 32. Rc2 Nxc5 33. dxc5 Bg7
34. Nc4 Rd1 35. Nd6 Ree1 36. Rff2 Bd4 37. Rfe2 Rg1+ 38. Kf3 Rd3+ 39. Ke4 Rgxg3
40. Nxb7 Bc3 41. Nd6 Rd4+ 42. Ke5 Rd5+ 43. Ke6 Kg7 44. Ne4 Rf5 45. Nxg3 Rf6+
46. Kd7 1-0

[Event "16. Sparkassen Open 2017 - Gruppe B"]
[Site "Forchheim"]
[Date "2017.09.30"]
[Round "3.34"]
[White "Kohler, Alfred"]
[Black "Manco, Michela"]
[Result "1-0"]
[WhiteElo "1609"]
[BlackElo "1841"]
[PlyCount "67"]
[EventDate "2017.??.??"]
[WhiteTeam "Schachtreff Röttenbach"]
[BlackTeam "TV Tegernsee"]

1. d4 d5 2. Nf3 e6 3. e3 Nf6 4. b3 Bd6 5. Bd3 O-O 6. O-O b6 7. Ba3 c5 8. Nc3
Bb7 9. Nb5 Be7 10. Ne5 a6 11. Nc3 Nbd7 12. Nxd7 Qxd7 13. Be2 Bd6 14. Bf3 Rac8
15. Ne2 e5 16. dxe5 Bxe5 17. Rb1 Rfe8 18. c4 Rcd8 19. cxd5 Nxd5 20. Bb2 Qc7 21.
Bxe5 Qxe5 22. Qc1 Re6 23. Qb2 Qc7 24. Rbd1 Rh6 25. g3 Rd7 26. Bg2 Nf6 27. Rxd7
Qxd7 28. Bxb7 Qxb7 29. Rd1 Ne8 30. Qe5 Re6 31. Qd5 Qc7 32. Qa8 a5 33. Nf4 Re4
34. Qxe4 1-0

[Event "16. Sparkassen Open 2017 - Gruppe B"]
[Site "Forchheim"]
[Date "2017.09.30"]
[Round "3.35"]
[White "Breu, Alfons"]
[Black "Lohvinov, Petro"]
[Result "0-1"]
[WhiteElo "1634"]
[BlackElo "1775"]
[PlyCount "72"]
[EventDate "2017.??.??"]
[WhiteTeam "TSV Trostberg"]
[BlackTeam "SK München Südost"]

1. Nf3 Nf6 2. g3 b6 3. Bg2 Bb7 4. O-O e6 5. d3 Be7 6. e4 c5 7. Nc3 d6 8. Bg5
O-O 9. h3 Re8 10. Re1 Nc6 11. Nh2 Nxe4 12. Bxe7 Nxc3 13. Bxd8 Nxd1 14. Be7 Nxb2
15. Bxd6 Na4 16. Ng4 Rad8 17. Bf4 Nc3 18. Bd2 Nb5 19. a4 Nbd4 20. Ne3 c4 21.
Rab1 cxd3 22. c3 Nc2 23. Rec1 Nxe3 24. fxe3 Na5 25. Bxb7 Nxb7 26. Rb4 Nc5 27.
Rd1 f5 28. g4 Rc8 29. Rd4 Red8 30. Rxd8+ Rxd8 31. Kg2 Rc8 32. Be1 Rd8 33. Bd2
Nxa4 34. gxf5 exf5 35. Kf3 Re8 36. Re1 Nc5 0-1

[Event "16. Sparkassen Open 2017 - Gruppe B"]
[Site "Forchheim"]
[Date "2017.09.30"]
[Round "3.36"]
[White "Gebhardt, Christian"]
[Black "Kolb, Verena"]
[Result "1-0"]
[WhiteElo "1935"]
[BlackElo "1675"]
[PlyCount "71"]
[EventDate "2017.??.??"]
[WhiteTeam "SV Seubelsdorf"]
[BlackTeam "SV Seubelsdorf"]

1. d4 d5 2. c4 Nf6 3. Nc3 c6 4. Nf3 e6 5. Bf4 Bd6 6. Bxd6 Qxd6 7. e3 O-O 8. Bd3
Nbd7 9. O-O e5 10. cxd5 Nxd5 11. Nxd5 Qxd5 12. Qc2 h6 13. Rfd1 exd4 14. Nxd4
Qd6 15. Nf5 Qc7 16. Ne7+ Kh8 17. Bf5 Nb6 18. Nxc8 Nxc8 19. Rd7 Qe5 20. Rad1 Rb8
21. Rxf7 Nd6 22. Rxf8+ Rxf8 23. Bg4 Ne4 24. Bf3 Ng5 25. Be2 Qf6 26. Bc4 b5 27.
Bf1 Ne4 28. f3 Ng5 29. Rd7 Qe6 30. Rxa7 Qxe3+ 31. Qf2 Qc1 32. Qd4 Ne6 33. Qc3
Qxc3 34. bxc3 Rd8 35. Kf2 Rd2+ 36. Ke3 1-0

[Event "16. Sparkassen Open 2017 - Gruppe B"]
[Site "Forchheim"]
[Date "2017.09.30"]
[Round "3.37"]
[White "Hummel, Thomas"]
[Black "Großner, Josef"]
[Result "1-0"]
[WhiteElo "1887"]
[BlackElo "1872"]
[PlyCount "97"]
[EventDate "2017.??.??"]
[WhiteTeam "SK Neumarkt"]
[BlackTeam "SF Fürth"]

1. b4 d5 2. Nf3 Nf6 3. Bb2 e6 4. b5 c5 5. bxc6 Nxc6 6. e3 Be7 7. Be2 O-O 8. O-O
Qb6 9. Qc1 Bd7 10. d3 Rac8 11. a3 a6 12. Nbd2 Qc7 13. c4 h6 14. Qb1 Ne8 15. Qa2
dxc4 16. Nxc4 Bf6 17. Rab1 b5 18. Ncd2 Bxb2 19. Qxb2 Nf6 20. Rfc1 Qd6 21. Nb3
Na7 22. d4 Rxc1+ 23. Rxc1 Rc8 24. Ne5 Rxc1+ 25. Qxc1 Qb6 26. Bf3 Bc8 27. Qc3
Bb7 28. Bxb7 Qxb7 29. Qa5 Qe4 30. Nd2 Qb7 31. Qd8+ Kh7 32. Qf8 Nc6 33. Nxf7 Qe7
34. Qxe7 Nxe7 35. Nd8 Nfd5 36. Nxe6 Nc6 37. e4 Nc3 38. d5 Nb8 39. Nc5 Kg6 40.
d6 Kf7 41. f4 Ne2+ 42. Kf2 Nxf4 43. Kf3 Ne6 44. Ndb3 Nxc5 45. Nxc5 a5 46. Ke2
b4 47. axb4 axb4 48. Kd3 Nc6 49. Kc4 1-0

[Event "16. Sparkassen Open 2017 - Gruppe B"]
[Site "Forchheim"]
[Date "2017.09.30"]
[Round "3.38"]
[White "Lindner, Dominik"]
[Black "Zirlik, Rudi"]
[Result "1-0"]
[WhiteElo "1696"]
[BlackElo "1844"]
[PlyCount "36"]
[EventDate "2017.??.??"]
[WhiteTeam "SC Friedberg Gehörl. SV"]
[BlackTeam "SV Unterkochen"]

1. e4 c5 2. Nf3 d6 3. d4 cxd4 4. Nxd4 Nc6 5. Nc3 g6 6. Be3 Bg7 7. Qd2 Nf6 8. f3
O-O 9. O-O-O Bd7 10. h4 h5 11. Be2 Rc8 12. Rdg1 Ne5 13. Nd5 Nxd5 14. exd5 Nc4
15. Bxc4 Rxc4 16. g4 hxg4 17. h5 Bxd4 18. Bxd4 gxf3 1-0

[Event "16. Sparkassen Open 2017 - Gruppe B"]
[Site "Forchheim"]
[Date "2017.09.30"]
[Round "3.39"]
[White "Dreiseitel, Werner"]
[Black "Khalil, Shaiar"]
[Result "0-1"]
[WhiteElo "1595"]
[BlackElo "1859"]
[PlyCount "25"]
[EventDate "2017.??.??"]
[WhiteTeam "SGem Fürth"]
[BlackTeam "SC Ansbach"]

1. d4 Nf6 2. Bf4 Nc6 3. c3 Nd5 4. Qc2 g6 5. Nd2 f5 6. Qb3 Na5 7. Qa4 c6 8. e3
b5 9. Qd1 Nc4 10. Nxc4 bxc4 11. Qa4 Qb6 12. b3 cxb3 13. axb3 0-1

[Event "16. Sparkassen Open 2017 - Gruppe C"]
[Site "Forchheim"]
[Date "2017.09.30"]
[Round "3.1"]
[White "Walbrecht, Quirin"]
[Black "Floegel, Marco"]
[Result "0-1"]
[WhiteElo "1278"]
[BlackElo "1598"]
[PlyCount "152"]
[EventDate "2017.??.??"]
[WhiteTeam "TV Tegernsee"]
[BlackTeam "SK Herzogenaurach"]

1. d4 d5 2. c4 e6 3. Nc3 Nf6 4. Nf3 Be7 5. Bf4 c6 6. e3 O-O 7. Be2 Ne4 8. Nxe4
dxe4 9. Nd2 f5 10. g4 Nd7 11. c5 g5 12. Bg3 f4 13. Qb3 fxg3 14. Qxe6+ Kh8 15.
hxg3 Bf6 16. Nxe4 Nxc5 17. Nxf6 Rxf6 18. Qe5 Ne6 19. Qe4 Qa5+ 20. Kf1 Qc7 21.
Bd3 h6 22. f4 Qg7 23. f5 Nc7 24. Ke2 Bd7 25. Qf3 Re8 26. e4 Nb5 27. Bxb5 cxb5
28. Kf2 Rc6 29. Rhd1 Rc2+ 30. Kg1 Bc6 31. d5 Bd7 32. Rac1 Rxc1 33. Rxc1 Qd4+
34. Qf2 Qxe4 35. f6 Qxd5 36. f7 Rf8 37. Qf6+ Kh7 38. Qe7 Rxf7 39. Qe2 Qd4+ 40.
Kh1 Bc6+ 41. Rxc6 bxc6 42. Qc2+ Kg7 43. Qc3 Qxc3 44. bxc3 Rf3 45. Kg2 Rxc3 46.
Kf2 Rc2+ 47. Ke3 Rxa2 48. Kd4 Ra4+ 49. Kc3 Rxg4 50. Kb3 Kf6 51. Kc3 Ke5 52. Kb3
b4 53. Ka4 b3+ 54. Kxb3 Kd5 55. Kc3 a6 56. Kb3 Kc5 57. Ka3 Kb5 58. Kb3 Rxg3+
59. Kc2 Kb4 60. Kd2 Kc4 61. Ke2 Kd4 62. Kf2 Rb3 63. Ke2 Ra3 64. Kf2 Ke4 65. Kg2
Kf4 66. Kh2 Kg4 67. Kg2 Ra2+ 68. Kf1 Kg3 69. Ke1 Kf3 70. Kd1 Ke3 71. Kc1 Kd3
72. Kb1 Rg2 73. Ka1 Kc3 74. Kb1 g4 75. Ka1 Kb3 76. Kb1 Rg1# 0-1

[Event "16. Sparkassen Open 2017 - Gruppe C"]
[Site "Forchheim"]
[Date "2017.09.30"]
[Round "3.2"]
[White "Hamscher, Markus"]
[Black "Albayrak, Berrak"]
[Result "1-0"]
[WhiteElo "1255"]
[BlackElo "1562"]
[PlyCount "105"]
[EventDate "2017.??.??"]
[WhiteTeam "SG Meiderich/Ruhrort"]
[BlackTeam "Zabo-Eintracht Nürnberg"]

1. d4 d5 2. c4 c6 3. Nf3 Nf6 4. Nc3 Bf5 5. cxd5 cxd5 6. e3 e6 7. h3 Nc6 8. Nh4
Be4 9. a3 a6 10. Nf3 Bd6 11. Bd3 e5 12. dxe5 Bxe5 13. Nxe5 Bxd3 14. Nxc6 bxc6
15. Qxd3 O-O 16. b4 Re8 17. Na4 Nd7 18. Qd4 Qg5 19. O-O Re6 20. f4 Qe7 21. Bb2
f6 22. Rf3 Re4 23. Qd3 a5 24. Nc3 Rc4 25. Nxd5 Qe4 26. Qxe4 Rxe4 27. Nc3 Rc4
28. bxa5 Nc5 29. Rf2 Nd3 30. Nd1 Nxf2 31. Nxf2 Rxa5 32. Bd4 c5 33. Bb2 Rb5 34.
Nd3 Rc2 35. Rb1 c4 36. Nb4 c3 37. Nxc2 Rxb2 38. Rc1 Ra2 39. Kf2 Kf7 40. Ke2 Rb2
41. Kd3 Rb8 42. Kxc3 Rc8+ 43. Kd3 Ke6 44. Nd4+ Kd7 45. Rxc8 Kxc8 46. a4 Kb7 47.
Kc4 Ka6 48. Kb4 Kb6 49. a5+ Ka6 50. Nc6 g6 51. g4 h6 52. Ne7 h5 53. Nxg6 1-0

[Event "16. Sparkassen Open 2017 - Gruppe C"]
[Site "Forchheim"]
[Date "2017.09.30"]
[Round "3.3"]
[White "Emge, Albin"]
[Black "Knoll, Ernst"]
[Result "0-1"]
[WhiteElo "1189"]
[BlackElo "1497"]
[PlyCount "104"]
[EventDate "2017.??.??"]
[WhiteTeam "SC Königsspringer Alzenau"]
[BlackTeam "Schachtreff Röttenbach"]

1. e4 e6 2. d4 d5 3. e5 c5 4. Nf3 Qb6 5. Be2 Nc6 6. O-O cxd4 7. a3 a5 8. a4 Bd7
9. b3 Bc5 10. Bb5 Nge7 11. Re1 O-O 12. Ba3 Rac8 13. Bxc5 Qxc5 14. Bd3 Ng6 15.
Na3 Nb4 16. Bb5 Bc6 17. Qxd4 Qe7 18. c3 Na6 19. Rec1 Nc5 20. Rcb1 f6 21. exf6
Rxf6 22. Qd1 Ne4 23. Qc2 Qc5 24. Nd4 Qxc3 25. Rd1 Qxc2 26. Naxc2 Rxf2 27. Rf1
Rxc2 28. Nxc2 Bxb5 29. axb5 Rxc2 30. Rfc1 Rxc1+ 31. Rxc1 Nd2 32. Rc8+ Kf7 33.
Rc7+ Kf6 34. Rxb7 Nxb3 35. b6 a4 36. Ra7 Nc5 37. Rxa4 Ne5 38. Ra7 Nc6 39. b7
Nxb7 40. Rxb7 Ne5 41. Kf1 Ng4 42. h3 Ne3+ 43. Kf2 d4 44. Ke2 Nxg2 45. Kd3 e5
46. Ke4 Nf4 47. Rb6+ Ne6 48. Kd5 Kf5 49. Rxe6 d3 50. Rxe5+ Kf4 51. Re1 d2 52.
Rd1 Ke3 0-1

[Event "16. Sparkassen Open 2017 - Gruppe C"]
[Site "Forchheim"]
[Date "2017.09.30"]
[Round "3.4"]
[White "Bardorz, Stefan"]
[Black "Warschak, Siegfried"]
[Result "1-0"]
[WhiteElo "1531"]
[BlackElo "1578"]
[PlyCount "68"]
[EventDate "2017.??.??"]
[WhiteTeam "TSV Rottendorf"]
[BlackTeam "SC Höchstadt/Aisch"]

1. e4 g6 2. d4 Bg7 3. Nf3 d6 4. Bf4 c5 5. dxc5 Qa5+ 6. c3 Qxc5 7. Nbd2 f5 8.
Bd3 Nf6 9. Nb3 Qb6 10. Be3 Qc7 11. exf5 Bxf5 12. Bxf5 gxf5 13. Nbd4 Qd7 14. Qd3
Nc6 15. Nxf5 Bf8 16. O-O-O O-O-O 17. N5d4 e5 18. Nxc6 Qxc6 19. Qf5+ Nd7 20. Bg5
Re8 21. Qf7 Nc5 22. Rhe1 h6 23. Bf6 Rg8 24. Qxg8 e4 25. Qg4+ Kc7 26. Nd4 Qa6
27. a3 Nd3+ 28. Rxd3 Qxd3 29. Ne6+ Kc6 30. Qxe4+ Qxe4 31. Rxe4 Kd5 32. Nc7+
Kxe4 33. Kd1 d5 34. Bg7 Bc5 {Rest unklar} 1-0

[Event "16. Sparkassen Open 2017 - Gruppe C"]
[Site "Forchheim"]
[Date "2017.09.30"]
[Round "3.5"]
[White "Schäfer, Emanuel"]
[Black "Friedel, Thomas"]
[Result "0-1"]
[WhiteElo "1409"]
[BlackElo "1582"]
[PlyCount "68"]
[EventDate "2017.??.??"]
[WhiteTeam "SC Ansbach"]
[BlackTeam "SV Groß-Gerau"]

1. d4 d5 2. e3 Nf6 3. c4 c6 4. Nc3 Bf5 5. Qb3 b6 6. cxd5 cxd5 7. Nf3 e6 8. Bb5+
Nfd7 9. Nxd5 a6 10. Bxd7+ Nxd7 11. Nc3 Bd6 12. h3 O-O 13. e4 Bg6 14. e5 Be7 15.
Ne2 Be4 16. a3 b5 17. Qe3 Bb7 18. O-O Nb6 19. Qf4 Rc8 20. Qg3 Kh8 21. Nf4 g6
22. Ng5 Bxg5 23. Nxg6+ fxg6 24. Bxg5 Qd5 25. Bf6+ Kg8 26. h4 Nd7 27. Be7 Rf7
28. Bg5 Qxd4 29. Rad1 Qxb2 30. h5 Rc3 31. Be3 Kg7 32. Qg5 Nf8 33. Qh6+ Kg8 34.
Bg5 Qxa3 0-1

[Event "16. Sparkassen Open 2017 - Gruppe C"]
[Site "Forchheim"]
[Date "2017.09.30"]
[Round "3.6"]
[White "Bardorz, Jana"]
[Black "Steindl, Horst"]
[Result "1-0"]
[WhiteElo "1542"]
[BlackElo "1261"]
[PlyCount "63"]
[EventDate "2017.??.??"]
[WhiteTeam "TSV Rottendorf"]
[BlackTeam "SW Nürnberg Süd"]

1. e4 c6 2. d4 d5 3. exd5 cxd5 4. c4 e6 5. Nf3 Nf6 6. Nc3 Bb4 7. Bg5 dxc4 8.
Bxc4 Be7 9. O-O O-O 10. Bf4 b6 11. d5 Bd6 12. Bxd6 Qxd6 13. dxe6 Qxd1 14. exf7+
Kh8 15. Raxd1 Ba6 16. Bxa6 Nxa6 17. Ne5 Nc5 18. Rd4 Ne6 19. Rh4 g5 20. Ng6+ Kg7
21. Nxf8 gxh4 22. Nxe6+ Kxf7 23. Ng5+ Kg6 24. Nf3 Kh5 25. Re1 Re8 26. Rxe8 Nxe8
27. Kf1 Nf6 28. h3 h6 29. Ke2 Nh7 30. b4 Ng5 31. Nxg5 hxg5 32. Kf3 1-0

[Event "16. Sparkassen Open 2017 - Gruppe C"]
[Site "Forchheim"]
[Date "2017.09.30"]
[Round "3.7"]
[White "Gajewski, Richard"]
[Black "Wirtz-Stark, Jürgen"]
[Result "1-0"]
[WhiteElo "1707"]
[BlackElo "1452"]
[PlyCount "65"]
[EventDate "2017.??.??"]
[WhiteTeam "Wolframs-Eschenbach"]
[BlackTeam "SK Rothenburg"]

1. e4 e6 2. d4 d5 3. e5 c5 4. c3 Nc6 5. Bb5 Bd7 6. Bxc6 Bxc6 7. Ne2 Bb5 8. Bf4
Bxe2 9. Qxe2 cxd4 10. cxd4 Bb4+ 11. Nd2 Qb6 12. O-O Bxd2 13. Qxd2 Ne7 14. Be3
O-O 15. Rac1 Nf5 16. g4 Nh4 17. f4 Ng6 18. f5 exf5 19. gxf5 Ne7 20. f6 Ng6 21.
fxg7 Rfe8 22. Rf6 Re6 23. Rcf1 Rxf6 24. Rxf6 Qc7 25. Qf2 Qd7 26. Qg3 Rc8 27. h4
Ne7 28. e6 fxe6 29. Bh6 Ng6 30. h5 Qe7 31. Qg5 Rc1+ 32. Qxc1 Qxf6 33. Qc8+ 1-0

[Event "16. Sparkassen Open 2017 - Gruppe C"]
[Site "Forchheim"]
[Date "2017.09.30"]
[Round "3.8"]
[White "Seidl, Josef"]
[Black "Albayrak, Atilla"]
[Result "0-1"]
[WhiteElo "1592"]
[BlackElo "1464"]
[PlyCount "74"]
[EventDate "2017.??.??"]
[WhiteTeam "TSV Kreuzberg"]
[BlackTeam "Zabo-Eintracht Nürnberg"]

1. f4 b6 2. Nf3 Bb7 3. e3 Nf6 4. d3 e6 5. Be2 Bb4+ 6. c3 Be7 7. O-O d6 8. Nd4
c5 9. Nb5 Qd7 10. c4 a6 11. N5c3 d5 12. Bf3 Nc6 13. Nd2 d4 14. Na4 Qc7 15. exd4
Nxd4 16. Ne4 Nxf3+ 17. gxf3 Nxe4 18. fxe4 b5 19. Nc3 Qd7 20. b3 Qd4+ 21. Rf2
Qxc3 22. Bb2 Qa5 23. Qg4 O-O-O 24. f5 Qb6 25. Rd1 Bf6 26. e5 Be7 27. Kf1 g6 28.
f6 h5 29. Qh4 Bf8 30. Bc1 Bh6 31. Bxh6 Rxh6 32. Rf4 Qc6 33. Re4 Rhh8 34. Ke1
Rd7 35. Qg3 Rhd8 36. Qe3 Rxd3 37. Rxd3 Rxd3 0-1

[Event "16. Sparkassen Open 2017 - Gruppe C"]
[Site "Forchheim"]
[Date "2017.09.30"]
[Round "3.9"]
[White "Hauck, Martin"]
[Black "Lorch, Stephan"]
[Result "0-1"]
[WhiteElo "1440"]
[BlackElo "1311"]
[PlyCount "96"]
[EventDate "2017.??.??"]
[WhiteTeam "SC Noris-Tarrasch Nürnberg"]
[BlackTeam "SF Heidelberg"]

1. e4 c5 2. Nf3 Nc6 3. Bc4 e6 4. Nc3 a6 5. O-O b5 6. Be2 Qc7 7. d4 Nxd4 8. Nxd4
cxd4 9. Qxd4 Bb7 10. Bf3 f6 11. b4 Bd6 12. g3 Be5 13. Qe3 Bxc3 14. Rb1 h5 15.
Rb3 Be5 16. Bb2 h4 17. Bxe5 Qxe5 18. Qc5 Qxc5 19. bxc5 f5 20. exf5 Bxf3 21.
Rxf3 Nf6 22. fxe6 dxe6 23. Rd1 Rd8 24. Rxd8+ Kxd8 25. Rd3+ Nd5 26. Ra3 Nc7 27.
Rd3+ Ke7 28. Kg2 Rd8 29. Re3 Rd5 30. Re4 hxg3 31. hxg3 Rxc5 32. a4 Rc4 33. Re3
Rxa4 34. Re5 Rc4 35. Rg5 Kf6 36. Rh5 Rxc2 37. Rh8 Nd5 38. Kf3 b4 39. Rb8 Rc3+
40. Ke2 a5 41. Ra8 Ra3 42. f4 b3 43. Kd2 Ra2+ 44. Kd3 Nb4+ 45. Ke4 b2 46. Rf8+
Ke7 47. Ra8 b1=Q+ 48. Kf3 Qh1+ 0-1

[Event "16. Sparkassen Open 2017 - Gruppe C"]
[Site "Forchheim"]
[Date "2017.09.30"]
[Round "3.10"]
[White "Stark, Raphael"]
[Black "Merdian, Nick"]
[Result "1/2-1/2"]
[WhiteElo "1176"]
[BlackElo "1275"]
[PlyCount "197"]
[EventDate "2017.??.??"]
[WhiteTeam "SK Rothenburg"]
[BlackTeam "SC Postbauer-Heng"]

1. e4 e5 2. Nf3 Nc6 3. d4 exd4 4. Nxd4 Bc5 5. Be3 Qf6 6. Nb5 Bxe3 7. fxe3 Qh4+
8. g3 Qd8 9. Bc4 a6 10. N5c3 Nf6 11. Qf3 Ne5 12. Qe2 O-O 13. Nd2 d6 14. h3 h6
15. Nf3 Ng6 16. O-O-O c6 17. Nh4 Nxh4 18. gxh4 b5 19. Bb3 a5 20. a3 b4 21. Nb1
Nxe4 22. Qd3 Nf2 23. Qg6 Kh8 24. Qg2 Nxd1 25. Rg1 Qf6 26. Rxd1 d5 27. Rf1 Qxh4
28. Rg1 g6 29. Ba4 Bb7 30. Qh2 bxa3 31. Nxa3 Qxa4 32. Qe5+ Kh7 33. Rg4 d4 34.
Rxd4 Rae8 35. Qg3 Qxd4 36. exd4 Rd8 37. c3 Rd5 38. Qc7 Ba8 39. Qe7 Rdd8 40. Nc4
Rde8 41. Qd7 Re1+ 42. Kd2 Ra1 43. Qe7 Kg8 44. Nb6 Ra2 45. Kc2 Rb8 46. Qa7 Re8
47. Nxa8 Re2+ 48. Kd3 Raxb2 49. Qxa5 Rbd2+ 50. Kc4 Rh2 51. Qc7 Rxh3 52. Qc8+
Kh7 53. Qxh3 h5 54. Qf3 Kg7 55. Qxc6 h4 56. d5 h3 57. Qe8 Rg2 58. Qe1 h2 59.
Qh1 Rd2 60. d6 g5 61. d7 f6 62. Qb7 Kg6 63. Qe4+ Kh6 64. Qh1 Kg6 65. d8=Q Rxd8
66. Qxh2 Rxa8 67. Qc2+ Kh6 68. Qf5 Ra4+ 69. Kb3 Rf4 70. Qh3+ Rh4 71. Qc8 g4 72.
Qh8+ Kg5 73. Qg7+ Kf5 74. Qd7+ Kg5 75. Qd2+ Kh5 76. Qd5+ Kg6 77. Qe4+ Kg5 78.
Qe7 Kf5 79. Qc5+ Kg6 80. Qg1 f5 81. Kc2 Kg5 82. Kd2 Rh3 83. c4 g3 84. Ke2 Kg4
85. c5 f4 86. c6 f3+ 87. Ke3 Rh6 88. c7 Rc6 89. Qf1 Re6+ 90. Kd4 Rc6 91. Ke3
Re6+ 92. Kd2 Rd6+ 93. Ke3 Re6+ 94. Kd4 Rc6 95. Qe1 g2 96. Qe4+ Kg3 97. Qxc6
g1=Q+ 98. Kd5 Qd1+ 99. Ke6 1/2-1/2

[Event "16. Sparkassen Open 2017 - Gruppe C"]
[Site "Forchheim"]
[Date "2017.09.30"]
[Round "3.11"]
[White "Schmucker, Jonas"]
[Black "Gehrke, Korbinian"]
[Result "1-0"]
[WhiteElo "1515"]
[BlackElo "1258"]
[PlyCount "89"]
[EventDate "2017.??.??"]
[WhiteTeam "SC Noris-Tarrasch Nürnberg"]
[BlackTeam "TV Tegernsee"]

1. b3 d5 2. Bb2 c5 3. e3 e6 4. Nf3 Nc6 5. c4 Nf6 6. Be2 b6 7. cxd5 Qxd5 8. Nc3
Qd8 9. Bb5 Bb7 10. Ne5 Qd6 11. Qf3 Rd8 12. Bxc6+ Bxc6 13. Qxc6+ Qxc6 14. Nxc6
Rd7 15. Ne5 Rd8 16. Nb5 Nd5 17. O-O Rc8 18. d4 Be7 19. Nxa7 Rc7 20. Nb5 Rc8 21.
Rfc1 O-O 22. dxc5 Rxc5 23. Rxc5 Bxc5 24. Nd7 Rc8 25. Nxc5 bxc5 26. g3 Nb4 27.
a3 Nc6 28. Rc1 Rd8 29. Rxc5 Na5 30. Na7 Nxb3 31. Rc8 Rxc8 32. Nxc8 Kf8 33. Nb6
Ke7 34. Bxg7 Kd6 35. Bd4 Kc6 36. Nc4 Kd5 37. Ne5 f6 38. Nd7 Kc4 39. Nxf6 Kb5
40. Nxh7 Ka4 41. Bb2 Nc5 42. g4 Nd7 43. g5 e5 44. g6 Nf6 45. Nxf6 1-0